000 01937nam a2200385 i 4500
001 000048694
003 DO-SdBNP
005 20250221073755.0
007 ta
008 100407s2015 dr ad 000 0 spa d
020 _a9789945898477
040 _aDO-SdBNP
_bspa
_cBNPHU
_erda
082 4 _a317.72936
_bP438es, 2015
_222
110 1 _aRepública Dominicana.
_bOficina Nacional de Estadística
_95775
245 1 0 _aPerfiles estadísticos provinciales :
_bregiones Cibao Sur-Nordeste /
_crecopilación Juan Bely Polanco Santos, Nancy Mora Alcántara, Laudys Ortiz
264 1 _aSanto Domingo :
_bONE,
_c2015.
300 _a196 páginas
_bilustraciones, diagramas
_c28 cm.
336 _2rdacontent
_atexto
_btxt
337 _2rdamedia
_asin mediación
_bn
338 _2rdacarrier
_avolumen
_bnc
505 0 _tRegión Cibao Sur --
_tLa Veta --
_tMonseñor Noel --
_tSánchez Ramírez --
_tRegión Cibao Nordeste --
_tDuarte --
_tHermanas Mirabal --
_tMaría Trinidad Sánchez --
_tSamaná
590 _aInventariado,2019/VM
651 4 _aRepública Dominicana
_xPoblación
_vEstadísticas
_964617
651 4 _aConcepción de La Vega (República Dominicana)
_xCondiciones económicas
_vEstadísticas
_976146
651 4 _aMonseñor Nouel (República Dominicana)
_xCondiciones sociales
_vEstadísticas
_976147
651 4 _aDuarte (República Dominicana)
_xPoblación
_vEstadísticas
_976148
651 4 _aHermanas Mirabal (República Dominicana)
_xCondiciones económicas
_vEstadísticas
_976149
651 4 _aMaría Trinidad Sánchez (República Dominicana{Rpara}
_xCondiciones sociales
_vEstadísticas
_976150
651 4 _aSanta Bárbara de Samaná (República Dominicana)
_xPoblación
_vEstadísticas
_976151
700 _aPolanco Santos, Juan Bely
_95774
_erecopilador
700 _aMora Alcántara, Nancy
_erecopilador
_984824
700 _aOrtiz, Laudys
_erecopilador
_984825
910 _aValidado. Control de calidad MFF
942 _2ddc
_cLBS1
999 _c48182
_d48182